000
00313nam a2200145Ia 4500
100
_a
Harwani/B.M
942
_c
BK
366
_f
20
245
_a
Practical web services for beginners
260
_b
Shroff Publishers
_c
2007
082
_a
4.65
_b
HAR
300
_a
49
546
_a
ENGLISH
_c
Computers
999
_c
34567
_d
34567